[Event "Paderborn op 08th"]
[Site "Paderborn"]
[Date "2011.12.27"]
[Round "2"]
[White "Meijers, Viesturs"]
[Black "Schwarzenberg, Josef"]
[Result "1-0"]
[WhiteElo "2478"]
[BlackElo "2111"]
[PlyCount "78"]
[EventDate "2011.12.27"]
[EventType "swiss"]
[EventRounds "7"]
[EventCountry "GER"]
[SourceTitle "CBM 146 Extra"]
[Source "ChessBase"]
[SourceDate "2012.02.29"]
[SourceVersion "1"]
[SourceVersionDate "2012.02.29"]
[SourceQuality "1"]

1. Nf3 c5 2. c4 Nc6 3. b3 Nf6 4. Bb2 g6 5. Nc3 Bg7 6. Ne4 b6 7. Nxf6+ exf6 8. g3 Bb7 9. Bg2 Ne5 10. Nh4 Bxg2 11. Nxg2 d5 12. Nf4 dxc4 13. bxc4 0-0 14. Qc2 Re8 15. 0-0 Qd6 16. d3 Rad8 17. Bc3 Nc6 18. Qb2 Nd4 19. Bxd4 Qxd4 20. Qxd4 cxd4 21. Rfe1 f5 22. a4 Be5 23. Nd5 Kg7 24. Reb1 Bb8 25. Kf1 h5 26. h4 Rc8 27. a5 bxa5 28. Rxa5 Red8 29. Rb7 Kf8 30. Ra6 Kg7 31. Ne7 Rc7 32. Rxc7 Bxc7 33. Rxa7 Bd6 34. Nc6 Rc8 35. Nxd4 Rb8 36. Nf3 Re8 37. e3 Be7 38. d4 Bf6 39. c5 Rb8 1-0

[Event "NRW-ch"]
[Site "Muenster"]
[Date "2011.10.25"]
[Round "4"]
[White "Schwarzenberg, Josef"]
[Black "Albrecht, Oliver"]
[Result "0-1"]
[WhiteElo "2135"]
[BlackElo "2159"]
[PlyCount "66"]
[EventDate "2011.10.23"]
[EventType "swiss"]
[EventRounds "7"]
[EventCountry "GER"]
[SourceTitle "EXT 2013"]
[Source "ChessBase"]
[SourceDate "2012.11.22"]
[SourceVersion "1"]
[SourceVersionDate "2012.11.22"]
[SourceQuality "1"]

1. c4 Nf6 2. Nc3 d5 3. cxd5 Nxd5 4. g3 g6 5. Bg2 Nb6 6. b3 Bg7 7. Bb2 0-0 8. Nf3 Nc6 9. 0-0 e5 10. d3 f5 11. Rc1 Bh6 12. Rb1 Re8 13. Bc1 Bg7 14. Bg5 Qd7 15. Rc1 h6 16. Be3 Nd4 17. b4 c6 18. Re1 Qe7 19. a3 Be6 20. Bxd4 exd4 21. Na4 Nd5 22. e4 dxe3 23. fxe3 a5 24. e4 fxe4 25. dxe4 Nc7 26. bxa5 Rxa5 27. Re3 Rea8 28. Nb6 R8a6 29. Nc4 Bxc4 30. Rxc4 Rxa3 31. Rxa3 Rxa3 32. Ra4 Qc5+ 33. Kf1 Qb5+ 0-1

[Event "NRW-ch"]
[Site "Muenster"]
[Date "2011.10.24"]
[Round "3"]
[White "Kaufeld, Juergen"]
[Black "Schwarzenberg, Josef"]
[Result "1-0"]
[WhiteElo "2261"]
[BlackElo "2135"]
[PlyCount "85"]
[EventDate "2011.10.23"]
[EventType "swiss"]
[EventRounds "7"]
[EventCountry "GER"]
[SourceTitle "EXT 2013"]
[Source "ChessBase"]
[SourceDate "2012.11.22"]
[SourceVersion "1"]
[SourceVersionDate "2012.11.22"]
[SourceQuality "1"]

1. e4 c5 2. Nf3 Nc6 3. Bb5 g6 4. 0-0 Bg7 5. Re1 e5 6. Bxc6 dxc6 7. d3 Ne7 8. Be3 b6 9. a3 a5 10. Nbd2 f6 11. Nc4 Be6 12. b4 axb4 13. axb4 Rxa1 14. Qxa1 Bxc4 15. dxc4 cxb4 16. Rd1 Qc7 17. c5 b5 18. Qa2 Rf8 19. Rd6 Rf7 20. Bd2 Nc8 21. Qe6+ Re7 22. Qg8+ Bf8 23. Rxf6 Rf7 24. Rxf7 Qxf7 25. Qxf7+ Kxf7 26. Nxe5+ Ke6 27. Nd3 Ne7 28. f4 Ng8 29. Kf2 Nf6 30. Kf3 Nd7 31. Bxb4 Bg7 32. Bd2 Bd4 33. Be3 Bc3 34. g4 h5 35. gxh5 gxh5 36. Bf2 Nf6 37. h3 Nd7 38. f5+ Kf7 39. Bg3 Bd4 40. Bd6 Kf6 41. Kf4 Bc3 42. e5+ Kg7 43. Kg5 1-0

[Event "Werther Schloss op-A 12th"]
[Site "Werther"]
[Date "2006.04.09"]
[Round "7"]
[White "Budzyn, Matthias"]
[Black "Schwarzenberg, Josef"]
[Result "1-0"]
[WhiteElo "2108"]
[BlackElo "2175"]
[PlyCount "45"]
[EventDate "2006.04.06"]
[EventType "swiss"]
[EventRounds "7"]
[EventCountry "GER"]
[SourceTitle "CBM 111 Extra"]
[Source "ChessBase"]
[SourceDate "2006.05.09"]
[SourceVersion "1"]
[SourceVersionDate "2006.05.09"]
[SourceQuality "1"]

1. e4 e5 2. f4 exf4 3. Nf3 h6 4. Bc4 d6 5. d4 g5 6. g3 Bg7 7. c3 Nf6 8. e5 Ne4 9. Qb3 0-0 10. Bd5 Nxg3 11. hxg3 c6 12. Bc4 b5 13. Be2 g4 14. Bxf4 gxf3 15. Bxf3 dxe5 16. dxe5 Bxe5 17. Bxh6 Bxg3+ 18. Kf1 Qd3+ 19. Kg2 Qg6 20. Bh5 Qd3 21. Bxf8 Be6 22. c4 Qe4+ 23. Qf3 1-0

[Event "Werther Schloss op-A 12th"]
[Site "Werther"]
[Date "2006.04.08"]
[Round "4"]
[White "Masio, Andreas"]
[Black "Schwarzenberg, Josef"]
[Result "1/2-1/2"]
[WhiteElo "2185"]
[BlackElo "2175"]
[PlyCount "83"]
[EventDate "2006.04.06"]
[EventType "swiss"]
[EventRounds "7"]
[EventCountry "GER"]
[SourceTitle "CBM 111 Extra"]
[Source "ChessBase"]
[SourceDate "2006.05.09"]
[SourceVersion "1"]
[SourceVersionDate "2006.05.09"]
[SourceQuality "1"]

1. e4 e5 2. Nf3 Nf6 3. Nxe5 d6 4. Nf3 Nxe4 5. Nc3 Nxc3 6. dxc3 Be7 7. Be3 0-0 8. Qd2 c6 9. c4 Nd7 10. 0-0-0 Nf6 11. Bd3 a6 12. h3 b5 13. Nd4 Qc7 14. g4 bxc4 15. Bxc4 Ne4 16. Qe1 d5 17. Bd3 Bd6 18. Bxe4 dxe4 19. Qc3 c5 20. Nf5 Bxf5 21. gxf5 Rac8 22. Rd5 Rfe8 23. Rg1 Be5 24. Qd2 Qb6 25. c3 Rc6 26. Rd1 Bf6 27. Qc2 h6 28. Rd7 Rc7 29. Rxc7 Qxc7 30. Qa4 Qc8 31. Rd5 c4 32. Rc5 Qb8 33. Qxc4 Qh2 34. Rc7 Rd8 35. Qxf7+ Kh8 36. Kc2 Qxh3 37. Rd7 Ra8 38. Qe6 Rb8 39. Qxe4 Qf1 40. Qf4 Qb5 41. Bc1 Bg5 42. Qd4 1/2-1/2

[Event "Moehnesee Cup-A"]
[Site "Moehnesee"]
[Date "2005.08.20"]
[Round "4"]
[White "Schwarzenberg, Josef"]
[Black "Mohr, Daniel"]
[Result "1-0"]
[WhiteElo "2185"]
[BlackElo "1956"]
[PlyCount "47"]
[EventDate "2005.08.18"]
[EventType "swiss"]
[EventRounds "7"]
[EventCountry "GER"]
[SourceTitle "CBM 108 Extra"]
[Source "ChessBase"]
[SourceDate "2005.11.04"]
[SourceVersion "1"]
[SourceVersionDate "2005.11.04"]
[SourceQuality "1"]

1. d4 e5 2. dxe5 Nc6 3. Nf3 Qe7 4. Qd5 f6 5. exf6 Nxf6 6. Qb3 h6 7. Nc3 g5 8. h3 Bg7 9. e3 d6 10. Bd3 Rb8 11. Bg6+ Kf8 12. 0-0 Be6 13. Qa4 g4 14. hxg4 Bxg4 15. Nh4 h5 16. Bd3 Qe6 17. Ng6+ Kg8 18. Nxh8 Kxh8 19. f3 Bh6 20. e4 Bxc1 21. Raxc1 Rg8 22. Bc4 Bxf3 23. Rxf3 Qg4 24. Bxg8 1-0

[Event "Bielefeld Gr1"]
[Site "Bielefeld"]
[Date "2005.05.14"]
[Round "2"]
[White "Hilverda, Alexander"]
[Black "Schwarzenberg, Josef"]
[Result "1/2-1/2"]
[WhiteElo "2140"]
[BlackElo "2185"]
[PlyCount "139"]
[EventDate "2005.05.13"]
[EventType "tourn"]
[EventRounds "7"]
[EventCountry "GER"]
[SourceTitle "EXT 2006"]
[Source "ChessBase"]
[SourceDate "2005.11.24"]
[SourceVersion "1"]
[SourceVersionDate "2005.11.24"]
[SourceQuality "1"]

1. e4 c5 2. Nf3 d6 3. d4 cxd4 4. Nxd4 Nf6 5. Nc3 g6 6. Bc4 Bg7 7. h3 Nc6 8. Be3 0-0 9. 0-0 Nxe4 10. Nxe4 d5 11. Nxc6 bxc6 12. Bd3 dxe4 13. Bxe4 Qc7 14. Qf3 Bb7 15. c3 f5 16. Bc2 e5 17. Bb3+ Kh8 18. Bc5 Rfd8 19. Rfd1 Ba6 20. Rxd8+ Rxd8 21. Rd1 Rxd1+ 22. Qxd1 Bf6 23. Be6 Be7 24. Be3 Bd6 25. f4 Qe7 26. fxe5 Bxe5 27. Qd7 Qxd7 28. Bxd7 Bb8 29. Bxc6 Bc4 30. b3 Be6 31. c4 Kg7 32. c5 Kf6 33. Bb7 a5 34. c6 Bc7 35. Bd4+ Ke7 36. Bc5+ Kf6 37. Kf2 Bd5 38. g3 g5 39. h4 gxh4 40. gxh4 f4 41. Bd4+ Kg6 42. Kf1 Kh5 43. Bf2 f3 44. Ke1 Kg4 45. Bc8+ Kf4 46. Bd7 Ke4 47. Kd2 Bf7 48. Kc2 Bg6 49. a3 Kd5+ 50. Kd2 Bf4+ 51. Ke1 Bc7 52. Be3 Bc2 53. Be8 Ke4 54. Kf2 Bxb3 55. Bh5 Bd1 56. Ba7 Be2 57. Bg4 Bd1 58. Bh5 Be2 59. Bf7 Bd8 60. Kg3 Bc7+ 61. Kf2 Bd8 62. Bb8 Bb6+ 63. Ke1 Bb5 64. Bg3 Bxc6 65. Bg8 h6 66. Bh7+ Kd5 67. Bg8+ Kc5 68. Bf2+ Kb5 69. Bc4+ Kxc4 70. Bxb6 1/2-1/2

[Event "OWL-ch"]
[Site "Buende"]
[Date "2005.04.01"]
[Round "3"]
[White "Schaffarczyk, Andre"]
[Black "Schwarzenberg, Josef"]
[Result "1-0"]
[WhiteElo "2064"]
[BlackElo "2031"]
[PlyCount "63"]
[EventDate "2005.03.31"]
[EventType "tourn"]
[EventRounds "7"]
[EventCountry "GER"]
[SourceTitle "EXT 2006"]
[Source "ChessBase"]
[SourceDate "2005.11.24"]
[SourceVersion "1"]
[SourceVersionDate "2005.11.24"]
[SourceQuality "1"]

1. e4 e5 2. Nf3 Nc6 3. d4 exd4 4. Nxd4 Bc5 5. Nf5 g6 6. Ne3 Nf6 7. Nc3 d6 8. g3 0-0 9. Bg2 Re8 10. 0-0 a6 11. Ned5 Nxd5 12. Nxd5 Be6 13. c3 Ne5 14. Kh1 c6 15. Ne3 Qd7 16. b4 Bb6 17. f4 Ng4 18. Nxg4 Bxg4 19. Qd2 Bh3 20. Bb2 Bxg2+ 21. Qxg2 Qe6 22. Rfe1 f5 23. e5 Bc7 24. c4 Qxc4 25. Rad1 Re6 26. Rd4 Qb5 27. Qc2 d5 28. a4 Qb6 29. Bc3 Bd8 30. g4 Bh4 31. Rg1 Bf2 32. Qxf2 1-0

[Event "Werther Schloss op-A 9th"]
[Site "Werther"]
[Date "2003.04.12"]
[Round "2"]
[White "Nattermueller, Irina"]
[Black "Schwarzenberg, Josef"]
[Result "0-1"]
[WhiteElo "2028"]
[BlackElo "2128"]
[PlyCount "50"]
[EventDate "2003.04.11"]
[EventType "swiss"]
[EventRounds "5"]
[EventCountry "GER"]
[SourceTitle "CBM 093 Extra"]
[Source "ChessBase"]
[SourceDate "2003.05.09"]
[SourceVersion "1"]
[SourceVersionDate "2003.05.09"]
[SourceQuality "1"]

1. e4 e5 2. Nf3 Nc6 3. Bb5 a6 4. Ba4 Nf6 5. d4 exd4 6. 0-0 Be7 7. e5 Ne4 8. Nxd4 Nxd4 9. Qxd4 Nc5 10. Nc3 Nxa4 11. Nxa4 0-0 12. Rd1 f6 13. Qd5+ Kh8 14. Bf4 fxe5 15. Bxe5 d6 16. Bd4 Bd7 17. Nc3 Bc6 18. Qh5 Qe8 19. Qg4 Qf7 20. Rd3 Bf6 21. Be3 Rae8 22. Qf4 Qh5 23. Qg3 Re6 24. Qf4 Rfe8 25. Bd2 Be5 0-1

[Event "Werther Schloss op-A 9th"]
[Site "Werther"]
[Date "2003.04.11"]
[Round "1"]
[White "Schwarzenberg, Josef"]
[Black "Schlosser, Philipp"]
[Result "0-1"]
[WhiteElo "2128"]
[BlackElo "2527"]
[PlyCount "124"]
[EventDate "2003.04.11"]
[EventType "swiss"]
[EventRounds "5"]
[EventCountry "GER"]
[SourceTitle "CBM 093 Extra"]
[Source "ChessBase"]
[SourceDate "2003.05.09"]
[SourceVersion "1"]
[SourceVersionDate "2003.05.09"]
[SourceQuality "1"]

1. d4 Nf6 2. c4 e6 3. Nc3 Bb4 4. e3 0-0 5. Bd3 c5 6. Nge2 cxd4 7. exd4 d5 8. cxd5 Nxd5 9. 0-0 Nc6 10. a3 Ba5 11. Bc2 Nxc3 12. bxc3 e5 13. d5 Ne7 14. c4 Bf5 15. Bxf5 Nxf5 16. Qd3 Qd7 17. Bb2 Rfe8 18. Rfd1 b6 19. Ng3 Nd6 20. Ne4 Rac8 21. Nxd6 Qxd6 22. Rac1 Rc7 23. Qe4 Qg6 24. Qxg6 hxg6 25. d6 Rc5 26. Rd5 f6 27. Rxc5 bxc5 28. Bc3 Bxc3 29. Rxc3 Rd8 30. Rd3 Kf7 31. Rd5 Ke6 32. g3 Rxd6 33. Rxc5 Kd7 34. Ra5 a6 35. h4 Rc6 36. Kf1 Kc7 37. c5 Kd7 38. Ke2 Ke6 39. Kd3 Kd5 40. f3 f5 41. Ke3 Kc4 42. g4 Kd5 43. Kd3 f4 44. g5 e4+ 45. fxe4+ Ke5 46. Ra4 Rxc5 47. Rxa6 f3 48. Ra8 Kf4 49. Rf8+ Kg3 50. Kd4 Ra5 51. e5 f2 52. e6 Rf5 53. Rxf5 gxf5 54. e7 f1Q 55. e8Q Qa1+ 56. Kd5 Kxh4 57. g6 Qa2+ 58. Kd4 Qxa3 59. Qf7 Kg5 60. Ke5 Qc5+ 61. Ke6 Qc6+ 62. Ke7 Qxg6 0-1